Case, scope, and binding
| Published in: | Studies in natural language and linguistic theory |
|---|---|
| Main Author: | |
| Content type: | Book |
| Published: |
Dordrecht [etc.]:
Kluwer Academic
1994
|
| Series: | Studies in natural language and linguistic theory |
| Source: | MPIPL_cat |
MARC
| LEADER | 00000nam a2200000 ub4500 | ||
|---|---|---|---|
| 001 | PL0053519 | ||
| 003 | PLI01000000000000000053208 | ||
| 005 | 00000000000000.0 | ||
| 008 | ||| u | ||
| 020 | |a 0-7923-2649-0 | ||
| 020 | |a 9780792326496 | ||
| 090 | |a 210-Bit/1 | ||
| 100 | 1 | |a Bittner, Maria | |
| 245 | 0 | 0 | |a Case, scope, and binding |c Maria Bittner |
| 260 | |a Dordrecht [etc.] |b Kluwer Academic |c 1994 | ||
| 300 | |a X, 202 p. | ||
| 490 | 0 | |a Studies in natural language and linguistic theory | |
| 830 | 0 | |w PL0000540 | |
| 852 | |c 210-Bit/1 |m BOOK | ||